Dvadsať rokov súkromného vysokého školstva – kde sme a kam ideme
Príchod City University so sídlom v Bellevue v štáte Washington, USA v roku 1991 na Slovensko. Prvá súkromná inštitúcia, ktorá začala ponúkať vysokoškolské vzdelanie na bakalárskej a magisterskej úrovni. Hlavné legislatívne problémy, s ktorými sa slovenské vysoké školy stretávajú. Súčasný stav. Von...
Uložené v:
| Hlavný autor: | |
|---|---|
| Ďalší autori: | , |
| Médium: | Kapitola |
| Jazyk: | Slovak |
| Predmet: | |
| Tagy: |
Žiadne tagy, Buďte prvý, kto otaguje tento záznam!
|
MARC
| LEADER | 00000nla$a2200000$$$4500 | ||
|---|---|---|---|
| 001 | 0128939 | ||
| 005 | 20221103134311.0 | ||
| 041 | 0 | |a slo | |
| 044 | |a SK | ||
| 245 | 1 | 0 | |a Dvadsať rokov súkromného vysokého školstva – kde sme a kam ideme |c Ján Rebro, Jozef Hvorecký, Branislav Lichardus |
| 520 | |a Príchod City University so sídlom v Bellevue v štáte Washington, USA v roku 1991 na Slovensko. Prvá súkromná inštitúcia, ktorá začala ponúkať vysokoškolské vzdelanie na bakalárskej a magisterskej úrovni. Hlavné legislatívne problémy, s ktorými sa slovenské vysoké školy stretávajú. Súčasný stav. Vonkajšie prekážky. Komplexná akreditácia. Financovanie vedeckého výskumu. Rozdielne financovanie rozvojových grantov. Prekážky vnútorného rozvoja. Navrhovaná novelizácia zákona o vysokých školách a jej potenciálne vplyvy. | ||
| 610 | 2 | 0 | |a školy vysoké |
| 610 | 2 | 0 | |a vzdelávanie vysokoškolské |
| 610 | 2 | 0 | |a legislatíva |
| 610 | 2 | 0 | |a novelizácia |
| 610 | 2 | 0 | |a výskum |
| 610 | 2 | 0 | |a financovanie školstva |
| 610 | 2 | 0 | |a granty |
| 610 | 2 | 0 | |a Slovensko |
| 100 | 1 | |a Rebro, Ján | |
| 700 | 1 | |a Hvorecký, Jozef | |
| 700 | 1 | |a Lichardus, Branislav | |